Territorial Arrangements of Small and Medium-Sized Towns from a Functional-Spatial Perspective

Titel: Territorial Arrangements of Small and Medium-Sized Towns from a Functional-Spatial Perspective / Luděk Sýkora, Ondřej Mulíček
Verfasser: ;
In: Tijdschrift voor economische en sociale geografie, Band 108, Heft 4 (2017), Seite 438-455
alle Artikel anzeigen
Veröffentlicht: 2017
Umfang: 7 Illustrationen, 3 Tabellen
Format: Aufsatz
Sprache: Englisch
Kein Bild verfügbar
X
alg: 51354375
001A    $03025:29-11-23 
001B    $01999:29-11-23 $t22:47:23.000 
001D    $03025:29-11-23 
001U    $0utf8 
001X    $00 
002@    $0Oou 
002C    $aText $btxt $2rdacontent 
002D    $aComputermedien $bc $2rdamedia 
002E    $aOnline-Ressource $bcr $2rdacarrier 
003@    $0513543759 
007A    $0513543759 $aHEB 
009Q    $uhttps://doi.org/10.1111/tesg.12249 $xVolltext 
010@    $aeng 
010E    $erda 
011@    $a2017 
021A    $aTerritorial Arrangements of Small and Medium-Sized Towns from a Functional-Spatial Perspective $hLuděk Sýkora, Ondřej Mulíček 
028A    $BVerfasser $4aut $7171537319 $8Sýkora, Luděk$Z1965- [Tp3] $9295656832 
028C    $BVerfasser $4aut $7 $8Mulíček, Ondřej [Tnu] $9513543678 
031A    $d108 $e4 $h438-455 $j2017 
034M    $a7 Illustrationen, 3 Tabellen 
037A    $aBehandelt Katalonien, Tschechien, Frankreich und Slowenien 
039B    $aEnthalten in $8--Obvc--. Tijdschrift voor economische en sociale geografie. - Oxford : Wiley-Blackwell, 1967-. - Online-Ressource. - ISSN 1467-9663. - DOI 10.1111/(ISSN)1467-9663 $x201700001080004562 $9081920407 
045F    $a306.094090511 $eDDC23BSB 
045F/01 $a306.09 
045F/03 $f090511 
045F/03 $g4 

lok: 51354375 78

exp: 51354375 78 1 #EPN
201B/01 $029-11-23 $t13:15:41.000 
201C/01 $029-11-23 
201U/01 $0utf8 
203@/01 $01249340462 
208@/01 $a29-11-23 $be 
209A/01 $a/ $f000 $x00 
209A/01 $ab*p $x01 
220C/01 $apgar 
244Z/01 $#Böhmische Kronländer $#Länder der Böhmischen Krone $#Sudetenland $#Böhmen $#Mähren $#Mährisch-Schlesien $#Österreichisch-Schlesien $#Tschechische Sozialistische Republik Böhmische Länder $#Tschechei Böhmische Länder $#Země koruny české $74069573-6 $8--Tg1--Böhmische Länder $x03 $9085195553 
247C/01 $82080>Marburg/Lahn, Herder-Institut, Forschungsbibliothek, Bibliographieportal $9336309341
LEADER 00000caa a2200000 c 4500
001 513543759
003 DE-603
005 20231129224723.0
007 cr||||||||||||
008 231129s2017 xx |||| o| u00||u|eng c
035 |a (DE-599)HEB513543759 
040 |a DE-603  |b ger  |c DE-603  |d DE-603  |e rda 
041 |a eng 
082 0 4 |8 1\u  |a 306.094090511  |q DE-101  |2 23/BSB 
085 |8 1\u  |b 306.09 
085 |8 1\u  |z 1  |s 090511 
085 |8 1\u  |z 2  |s 4 
100 1 |a Sýkora, Luděk  |d 1965-  |e Verfasser  |4 aut  |0 (DE-603)295656832  |0 (DE-588)171537319  |2 gnd 
245 0 0 |a Territorial Arrangements of Small and Medium-Sized Towns from a Functional-Spatial Perspective  |c Luděk Sýkora, Ondřej Mulíček 
264 0 |c 2017 
300 |b 7 Illustrationen, 3 Tabellen 
336 |a Text  |b txt  |2 rdacontent 
337 |a Computermedien  |b c  |2 rdamedia 
338 |a Online-Ressource  |b cr  |2 rdacarrier 
500 |a Behandelt Katalonien, Tschechien, Frankreich und Slowenien 
700 1 |a Mulíček, Ondřej  |e Verfasser  |4 aut  |0 (DE-603)513543678 
773 0 8 |i Enthalten in  |t Tijdschrift voor economische en sociale geografie  |d Oxford : Wiley-Blackwell, 1967-  |h Online-Ressource  |o 10.1111/(ISSN)1467-9663  |x 1467-9663  |g Band 108, Heft 4 (2017), Seite 438-455  |w (DE-603)081920407  |w (DE-600)1482901-0 
856 |u https://doi.org/10.1111/tesg.12249 
924 1 |9 2080  |a (DE-603)1249340462  |b DE-2080  |c HES  |d d  |g /